000 00297nam a22001337a 4500
008 181226b xxu||||| |||| 00| 0 eng d
020 _a9780325001098
041 _aeng
080 _a370
100 _a48
101 _aEDU
245 _aRegie Routman Conversation
_chEINMAN,p
942 _2udc
_cBK
999 _c53779
_d53779